[Event "Niedersachsen-ch B"]
[Site "Verden"]
[Date "2010.01.04"]
[Round "4.73"]
[White "Schreiber, Justina"]
[Black "Gottlieb, Timo"]
[Result "1-0"]
[WhiteElo "1404"]
[BlackElo "1257"]
[PlyCount "109"]
[EventDate "2010.01.??"]
[EventType "swiss"]
[EventRounds "7"]
[EventCountry "GER"]
[SourceDate "2005.10.24"]

1. e4 c5 2. Nc3 d6 3. Bc4 Nc6 4. f4 e6 5. Nf3 Nge7 6. O-O a6 7. a3 b5 8. Ba2
Bb7 9. d3 Qc7 10. Qe1 Ng6 11. Qg3 Be7 12. Be3 Bf6 13. f5 exf5 14. exf5 Nge5 15.
Nd5 Qd8 16. Nxf6+ Qxf6 17. Rfe1 O-O 18. Nh4 Ne7 19. Bg5 Nxf5 20. Bxf6 Nxg3 21.
Bxe5 dxe5 22. hxg3 Rfe8 23. Re2 Kf8 24. Nf5 Rad8 25. Rf1 g6 26. Nh6 f5 27. g4
Kg7 28. Nf7 Rd7 29. gxf5 Rxf7 30. Bxf7 Kxf7 31. fxg6+ Kxg6 32. Kh2 Re6 33. g4
Kg5 34. Kg3 e4 35. dxe4 Rxe4 36. Rf5+ Kg6 37. Rxe4 Bxe4 38. Rxc5 Kf6 39. c4
bxc4 40. Rxc4 Bd3 41. Rb4 Ke6 42. Kf3 Kd6 43. Ke3 Bb5 44. a4 Bd7 45. Rb6+ Kc5
46. Rxa6 Bxg4 47. Rh6 Bd1 48. a5 Ba4 49. a6 Bc6 50. a7 Ba8 51. Rxh7 Kb6 52. Kd4
Bb7 53. b4 Kxa7 54. Kc5 Kb8 55. Kb6 1-0

[Event "Niedersachsen-ch B"]
[Site "Verden"]
[Date "2010.01.04"]
[Round "4.74"]
[White "Mildner, Ramon"]
[Black "Brandt, Volker"]
[Result "0-1"]
[WhiteElo "919"]
[BlackElo "1322"]
[PlyCount "132"]
[EventDate "2010.01.??"]
[EventType "swiss"]
[EventRounds "7"]
[EventCountry "GER"]
[SourceDate "2005.10.24"]

1. e4 h6 2. d4 e6 3. Nc3 Bb4 4. Nf3 Nf6 5. Bd2 Bxc3 6. Bxc3 Nxe4 7. Bb4 a5 8.
Ba3 d6 9. Bd3 Nf6 10. O-O Bd7 11. b3 b5 12. Bb2 d5 13. Re1 O-O 14. c4 c6 15.
Ne5 Na6 16. Nxd7 Qxd7 17. a3 Nc7 18. Qf3 Nce8 19. c5 Nh7 20. Bc2 Ng5 21. Qd3
Nf6 22. Bc1 Qc7 23. Bxg5 hxg5 24. Re5 g6 25. Rxg5 Ne4 26. Rg4 Nf6 27. Rh4 Kg7
28. Re1 Rh8 29. Rxh8 Rxh8 30. h3 Rh6 31. b4 a4 32. Qg3 Qxg3 33. fxg3 Nd7 34.
Rc1 e5 35. dxe5 Nxe5 36. Re1 Nc4 37. Ra1 Rh5 38. Bd3 Re5 39. Bxc4 dxc4 40. Rd1
Re3 41. Kf2 Rxa3 42. Rd6 Ra2+ 43. Ke1 a3 44. Rxc6 Rxg2 45. Ra6 a2 46. c6 Rg1+
47. Kd2 a1=Q 48. Rxa1 Rxa1 49. Kc3 Ra6 50. c7 Rc6 51. g4 Rxc7 52. g5 Rd7 53. h4
Rd3+ 54. Kc2 Rh3 55. h5 Rxh5 56. Kc3 Rxg5 57. Kc2 Rd5 58. Kc3 g5 59. Kc2 g4 60.
Kc3 Rd3+ 61. Kc2 g3 62. Kc1 g2 63. Kc2 g1=Q 64. Kb2 Qh2+ 65. Kc1 Rg3 66. Kd1
Rg1# 0-1

[Event "Niedersachsen-ch B"]
[Site "Verden"]
[Date "2010.01.04"]
[Round "4.75"]
[White "Gawollek, Hans"]
[Black "Mayen, Paul"]
[Result "1-0"]
[WhiteElo "1468"]
[BlackElo "917"]
[PlyCount "49"]
[EventDate "2010.01.??"]
[EventType "swiss"]
[EventRounds "7"]
[EventCountry "GER"]
[SourceDate "2005.10.24"]

1. d4 c5 2. dxc5 e5 3. e3 Bxc5 4. a3 Nf6 5. Nc3 d6 6. Bc4 O-O 7. Nf3 Nc6 8. h3
Bf5 9. O-O Rc8 10. Re1 a6 11. e4 Bg6 12. Bg5 Nd4 13. Nd5 Nxf3+ 14. Qxf3 Bxf2+
15. Qxf2 Rxc4 16. Bxf6 gxf6 17. Nxf6+ Kg7 18. b3 Rd4 19. c3 Rd3 20. Qc2 Rg3 21.
Rf1 Qc8 22. Nd5 Qxh3 23. Qf2 Bxe4 24. Qf6+ Kg8 25. Ne7# 1-0

[Event "Niedersachsen-ch B"]
[Site "Verden"]
[Date "2010.01.04"]
[Round "4.76"]
[White "Cegielka, Michael"]
[Black "Grigorian, Satenik"]
[Result "0-1"]
[WhiteElo "1065"]
[BlackElo "1082"]
[PlyCount "74"]
[EventDate "2010.01.??"]
[EventType "swiss"]
[EventRounds "7"]
[EventCountry "GER"]
[SourceDate "2005.10.24"]

1. e4 e5 2. Nf3 Nc6 3. Bc4 Nf6 4. d3 d6 5. h3 g6 6. Bg5 h6 7. Bh4 g5 8. Bg3 Bg7
9. Nc3 a6 10. Nd5 Nxd5 11. Bxd5 Bd7 12. O-O Qf6 13. c3 h5 14. h4 g4 15. Ng5 Nd8
16. Qb3 Rb8 17. f3 Be6 18. fxg4 Bxd5 19. Qxd5 Qg6 20. gxh5 Qxh5 21. Rf2 Bh6 22.
Rf5 Rg8 23. Raf1 Bxg5 24. hxg5 Rxg5 25. Rxg5 Qxg5 26. Bf2 Qg6 27. Bh4 c6 28.
Qb3 Ne6 29. Qd1 Nf4 30. g3 Kd7 31. Kf2 Rh8 32. gxf4 Rxh4 33. fxe5 Rh2+ 34. Ke3
Qg5+ 35. Kf3 Rh3+ 36. Kf2 Qg3+ 37. Ke2 Qe3# 0-1

[Event "Niedersachsen-ch B"]
[Site "Verden"]
[Date "2010.01.04"]
[Round "4.77"]
[White "Moeller, Hannah"]
[Black "Stuppenhagen, Tim"]
[Result "1-0"]
[WhiteElo "912"]
[BlackElo "1036"]
[PlyCount "115"]
[EventDate "2010.01.??"]
[EventType "swiss"]
[EventRounds "7"]
[EventCountry "GER"]
[SourceDate "2005.10.24"]

1. e4 e5 2. Nf3 Nc6 3. Bc4 Nf6 4. Ng5 d5 5. exd5 Nxd5 6. Nxf7 Be6 7. Nxd8 Nxd8
8. Bxd5 Bxd5 9. Qh5+ Nf7 10. Qg4 Nh6 11. Qh3 Be7 12. Nc3 Bc6 13. O-O O-O 14. d3
Nf7 15. Re1 Bc5 16. Be3 Bxe3 17. Rxe3 Rfe8 18. Rg3 Re7 19. Qg4 g6 20. Qh4 Rae8
21. Rh3 e4 22. Qg4 exd3 23. Qd1 dxc2 24. Qc1 b6 25. f3 Ng5 26. Rh4 Bxf3 27.
Qxc2 Be4 28. Nxe4 Nxe4 29. Qc4+ Kg7 30. Qd4+ Kg8 31. Re1 Nd6 32. Rxe7 Rxe7 33.
Qf6 Rf7 34. Qd8+ Kg7 35. Qb8 Rd7 36. Qxa7 g5 37. Rg4 h6 38. Qa3 Nb5 39. Qa4 c6
40. Qa6 Rd1+ 41. Kf2 Rd2+ 42. Ke3 Rxb2 43. a4 Rb3+ 44. Kd2 Rb2+ 45. Kc1 Nc7 46.
Qa7 Ra2 47. Qxc7+ Kg6 48. Qxc6+ Kh5 49. h3 Ra1+ 50. Kb2 b5 51. Kxa1 b4 52. Rxb4
(52. Qe8#) 52... g4 53. hxg4+ Kh4 54. Qxh6+ Kg3 55. Qf4+ Kxg2 56. Qe3 Kh2 57.
Rb2+ Kh1 58. Qe1# 1-0

[Event "Niedersachsen-ch B"]
[Site "Verden"]
[Date "2010.01.04"]
[Round "4.79"]
[White "Asprion, Neal"]
[Black "Diederichs, Hannah"]
[Result "0-1"]
[WhiteElo "772"]
[BlackElo "975"]
[PlyCount "110"]
[EventDate "2010.01.??"]
[EventType "swiss"]
[EventRounds "7"]
[EventCountry "GER"]
[SourceDate "2005.10.24"]

1. e4 e6 2. Nf3 d5 3. d3 Bd6 4. g3 Ne7 5. Bg2 O-O 6. O-O c6 7. Nc3 f6 8. Nh4
Bc7 9. Qg4 e5 10. Nf5 Nxf5 11. exf5 d4 12. Ne4 Bd7 13. Bh6 Rf7 14. Nxf6+ Qxf6
15. Bg5 Qxf5 16. Qxf5 Bxf5 17. Rae1 g6 18. Bh6 Re7 19. f4 Nd7 20. c3 Rae8 21.
Re2 Bxd3 22. Ree1 Bxf1 23. Bxf1 e4 24. Bc4+ Kh8 25. Bg5 d3 26. Bxe7 Rxe7 27.
Rd1 Nc5 28. Kf2 e3+ 29. Ke1 d2+ 30. Ke2 Ne4 31. Kxe3 Nxc3+ 32. Kxd2 Nxd1 33.
Kxd1 Kg7 34. Be2 Bb6 35. Ke1 Bg1 36. h3 Bh2 37. g4 Bxf4 38. Kf1 Bh2 39. a4 Bg1
40. Bd3 Bd4 41. b3 Bc3 42. Kg2 Kh6 43. Kg3 Kg5 44. h4+ Kh6 45. g5+ Kh5 46. Bc2
Re3+ 47. Kf2 Bd4 48. Bd1+ Kxh4 49. b4 Kxg5 50. b5 cxb5 51. axb5 h6 52. Be2 h5
53. Bf3 Kf4 54. Bxb7 Re7+ 55. Kg2 Rxb7 0-1

[Event "Niedersachsen-ch B"]
[Site "Verden"]
[Date "2010.01.05"]
[Round "5.1"]
[White "Niehaus, Stephan"]
[Black "Kiesel, Harald"]
[Result "1-0"]
[WhiteElo "2108"]
[BlackElo "2165"]
[PlyCount "155"]
[EventDate "2010.01.??"]
[EventType "swiss"]
[EventRounds "7"]
[EventCountry "GER"]
[SourceDate "2005.10.24"]

1. d4 d5 2. Bf4 Nf6 3. e3 c5 4. c3 Nc6 5. h3 Qb6 6. Qb3 c4 7. Qc2 Bf5 8. Qc1
Nd7 9. Nf3 f6 10. Be2 e5 11. Bh2 Be7 12. Nfd2 Na5 13. O-O Rc8 14. b3 cxb3 15.
axb3 a6 16. Qb2 O-O 17. b4 Nc6 18. Qb3 Be6 {(=)} 19. Bf3 Rfd8 20. Bxd5 Bxd5 21.
Qxd5+ Kh8 22. Qb3 Qb5 23. Na3 Qd3 24. Rfd1 exd4 25. exd4 Qg6 26. Nac4 f5 27. b5
axb5 28. Qxb5 b6 29. Nf3 h6 30. Re1 Bf8 31. Nh4 Qf7 32. Nxb6 Nxb6 33. Qxb6 g5
34. Nf3 f4 35. h4 g4 36. Ne5 Nxe5 37. Rxe5 Bd6 {(=)} 38. Rae1 Bxe5 39. Qxh6+
Qh7 40. Qxh7+ Kxh7 41. dxe5 Rc4 42. e6 Kg6 43. e7 Re8 44. Kf1 Kf5 45. f3 g3 46.
Bg1 Rc7 47. h5 Rcxe7 48. Rxe7 Rxe7 49. h6 Rh7 50. Bd4 Rxh6 51. c4 {(=)} Rh2 52.
Bb6 Rh6 53. Bd4 Ra6 54. c5 Ra4 55. Bg7 Rc4 56. Bf8 Rc2 57. Bd6 Rc1+ 58. Ke2 Rg1
59. c6 Rxg2+ 60. Kd3 Ra2 61. c7 Ra8 62. Ke2 g2 63. Kf2 Ra2+ 64. Kg1 Rc2 65. Kh2
Rc6 66. Kxg2 Rc4 67. Kf2 Rc2+ 68. Ke1 Ke6 69. Bxf4 Kd7 70. Be5 Rxc7 71. Bxc7
Kxc7 72. Kf2 Kd6 73. Kg3 Ke7 74. Kg4 Kf8 75. f4 Kf7 76. Kf5 Kf8 77. Kf6 Kg8 78.
Ke7 1-0

[Event "Niedersachsen-ch B"]
[Site "Verden"]
[Date "2010.01.05"]
[Round "5.2"]
[White "Herrmann, Andreas"]
[Black "Sawadkuhi, Massoud Amir"]
[Result "1/2-1/2"]
[WhiteElo "2171"]
[BlackElo "2227"]
[PlyCount "105"]
[EventDate "2010.01.??"]
[EventType "swiss"]
[EventRounds "7"]
[EventCountry "GER"]
[SourceDate "2005.10.24"]

1. d4 Nf6 2. Nf3 c5 3. e3 e6 4. c3 b6 5. Nbd2 Bb7 6. Bd3 cxd4 7. exd4 Be7 8.
O-O O-O 9. Qe2 d6 10. a4 a6 11. Re1 Nbd7 12. Nf1 Re8 13. Ng3 Nf8 14. Nd2 Ng6
15. Bxg6 hxg6 16. Nc4 Nd5 17. f3 Bh4 18. Rd1 f5 19. Qc2 Rc8 20. Ne3 Bg5 21.
Nxd5 Bxd5 22. Bxg5 Qxg5 23. Qf2 Kf7 24. Nf1 Rh8 25. Qg3 Qxg3 26. hxg3 g5 27.
Re1 Kf6 28. Ne3 Bb7 29. c4 e5 30. d5 f4 31. gxf4 gxf4 32. Ng4+ Ke7 33. b3 Rc5
34. Nf2 Rc7 35. Ne4 Bc8 36. Kf2 Bf5 37. Nd2 g5 38. Rh1 Rcc8 39. Rac1 g4 40.
fxg4 Bxg4 41. a5 bxa5 42. Rxh8 Rxh8 43. c5 dxc5 44. Rxc5 Rc8 45. Rxc8 Bxc8 46.
Kf3 Bf5 47. Nc4 Bc2 48. Nxe5 Bxb3 49. Ke4 a4 50. Kd4 a3 51. Kc3 Bxd5 52. Ng6+
Kf6 53. Nxf4 1/2-1/2

[Event "Niedersachsen-ch B"]
[Site "Verden"]
[Date "2010.01.05"]
[Round "5.3"]
[White "Schuette, Marc"]
[Black "Struessmann, Frank"]
[Result "1/2-1/2"]
[WhiteElo "2242"]
[BlackElo "2276"]
[PlyCount "152"]
[EventDate "2010.01.??"]
[EventType "swiss"]
[EventRounds "7"]
[EventCountry "GER"]
[SourceDate "2005.10.24"]

1. e4 c5 2. c3 e6 3. d4 d5 4. exd5 exd5 5. Nf3 Nc6 6. Bb5 a6 7. Bxc6+ bxc6 8.
O-O Bd6 9. Re1+ Ne7 10. b3 O-O 11. Ba3 cxd4 12. cxd4 Bxa3 13. Nxa3 Qd6 14. Qc1
f6 15. Qc5 Qxc5 16. dxc5 Kf7 17. Nd4 Bd7 18. Nac2 a5 19. Re3 Rfe8 20. Rae1 Ng6
21. g3 Rxe3 22. Rxe3 Ne7 23. f3 h5 24. Kf2 Rb8 25. Re1 h4 26. g4 g5 27. Rb1 Ng6
28. b4 axb4 29. Rxb4 Ra8 30. Rb7 Ke8 31. Nb4 Ne5 32. Rb6 Ra4 33. Ndc2 Ra5 34.
Rb8+ Kf7 35. Ke3 Rxc5 36. Ne1 Rc1 37. Ned3 Nxd3 38. Nxd3 Rc3 39. Kd2 Ra3 40.
Rb7 Rxa2+ 41. Ke3 Ke8 42. Nc5 Bxg4 43. fxg4 Rxh2 44. Ne6 Rc2 45. Rc7 h3 46.
Ng7+ Kf8 47. Ne6+ Kg8 48. Rc8+ Kf7 49. Nd4 h2 50. Rc7+ Ke8 51. Rh7 Rc3+ 52. Kd2
Rc4 53. Nf5 Rxg4 54. Rxh2 Rf4 55. Rh8+ Kd7 56. Ng3 Kd6 57. Rd8+ Kc5 58. Nh5 Rf3
59. Rf8 Kd6 60. Ke2 Ke7 61. Kxf3 Kxf8 62. Nxf6 Ke7 63. Nh7 g4+ 64. Kxg4 Kd6 65.
Kf3 Kc5 66. Ng5 Kc4 67. Ke2 d4 68. Kd2 Kd5 69. Nh3 c5 70. Nf4+ Ke4 71. Ne6 c4
72. Nxd4 Kxd4 73. Kc2 c3 74. Kc1 Kd3 75. Kd1 c2+ 76. Kc1 Kc3 1/2-1/2

[Event "Niedersachsen-ch B"]
[Site "Verden"]
[Date "2010.01.05"]
[Round "5.4"]
[White "Hoellmann, Ludger"]
[Black "Meyer, Juergen"]
[Result "1-0"]
[WhiteElo "2237"]
[BlackElo "2093"]
[PlyCount "79"]
[EventDate "2010.01.??"]
[EventType "swiss"]
[EventRounds "7"]
[EventCountry "GER"]
[SourceDate "2005.10.24"]

1. d4 Nf6 2. Bf4 e6 3. e3 b6 4. Nf3 Bb7 5. Bd3 c5 6. c3 Be7 7. h3 Nd5 8. Bh2 f5
9. O-O Nf6 10. a4 O-O 11. Nbd2 Kh8 12. Re1 Ne4 13. a5 g5 14. a6 Bc6 15. Ne5
Nxd2 16. Qxd2 d6 17. Nxc6 Nxc6 18. Bb5 Na5 19. Qe2 d5 20. Be5+ Kg8 21. c4 Nxc4
22. Bxc4 dxc4 23. Qxc4 Qd5 24. Qe2 c4 25. Qh5 Bf6 26. f3 Bxe5 27. dxe5 Qxe5 28.
Qxg5+ Kh8 29. Qh4 Rg8 30. Qxc4 Qxb2 31. Qd4+ Qxd4 32. exd4 Rge8 33. Rac1 Rad8
34. Rc7 Rxd4 35. Rxa7 Rd2 36. Rb7 Rg8 37. g4 Ra2 38. a7 fxg4 39. hxg4 Ra6 40.
Rxe6 1-0

[Event "Niedersachsen-ch B"]
[Site "Verden"]
[Date "2010.01.05"]
[Round "5.5"]
[White "Renner, Kai"]
[Black "Raum, Sebastian"]
[Result "0-1"]
[WhiteElo "2191"]
[BlackElo "1910"]
[PlyCount "74"]
[EventDate "2010.01.??"]
[EventType "swiss"]
[EventRounds "7"]
[EventCountry "GER"]
[SourceDate "2005.10.24"]

1. e4 c5 2. Nf3 d6 3. d4 cxd4 4. Nxd4 Nf6 5. Nc3 a6 6. Be2 e5 7. Nb3 Be7 8. O-O
O-O 9. Kh1 Be6 10. f4 exf4 11. Bxf4 Nc6 12. Qe1 Ne8 13. Nd5 Bg5 14. Bg3 Nf6 15.
Bf3 Re8 16. Qf2 Ne5 17. Nd4 Neg4 18. Nxf6+ Qxf6 19. Bxg4 Qxf2 20. Rxf2 Bxg4 21.
Re1 d5 22. h3 Bd7 23. e5 g6 24. Bf4 Bh4 25. g3 Bd8 26. Rh2 Bb6 27. Nf3 d4 28.
g4 Bc6 29. Kg2 f6 30. Kg3 g5 31. Bd2 fxe5 32. Nxg5 e4 33. Rhe2 e3 34. Bb4 Bc7+
35. Kh4 h6 36. Bc5 hxg5+ 37. Kxg5 Re5+ 0-1

[Event "Niedersachsen-ch B"]
[Site "Verden"]
[Date "2010.01.05"]
[Round "5.6"]
[White "Jung, Gerald"]
[Black "Eschholz, Enno"]
[Result "1/2-1/2"]
[WhiteElo "2048"]
[BlackElo "2198"]
[PlyCount "41"]
[EventDate "2010.01.??"]
[EventType "swiss"]
[EventRounds "7"]
[EventCountry "GER"]
[SourceDate "2005.10.24"]

1. e4 c5 2. Nf3 e6 3. d4 cxd4 4. Nxd4 Bc5 5. Nb3 Bb6 6. Bd3 Ne7 7. Bf4 O-O 8.
Nc3 f5 9. Qd2 fxe4 10. Nxe4 d5 11. Ng5 Nf5 12. g4 e5 13. gxf5 exf4 14. f6 Qxf6
15. Bxh7+ Kh8 16. Qxd5 Bg4 17. f3 Bd7 18. O-O-O Bc6 19. Qd6 Nd7 20. h4 Ne5 21.
Be4 1/2-1/2

[Event "Niedersachsen-ch B"]
[Site "Verden"]
[Date "2010.01.05"]
[Round "5.7"]
[White "Vogel, Christopher"]
[Black "Guennigmann, Manuel"]
[Result "0-1"]
[WhiteElo "1994"]
[BlackElo "2164"]
[PlyCount "64"]
[EventDate "2010.01.??"]
[EventType "swiss"]
[EventRounds "7"]
[EventCountry "GER"]
[SourceDate "2005.10.24"]

1. d4 Nf6 2. c4 d6 3. Nc3 Nbd7 4. e4 e5 5. Nf3 Be7 6. Be2 O-O 7. O-O c6 8. Re1
a6 9. Rb1 b5 10. b4 Bb7 11. c5 exd4 12. cxd6 dxc3 13. dxe7 Qxe7 14. Bg5 Qxe4
15. Bd3 Qd5 16. Qc2 c5 17. Rbd1 Qc6 18. Re7 cxb4 19. Rxd7 Nxd7 20. Bxh7+ Kh8
21. Rd4 g6 22. Rh4 Kg7 23. Bh6+ Kxh7 24. Bxf8+ Kg8 25. Bxb4 Rc8 26. Qc1 c2 27.
h3 Ne5 28. Ne1 Nd3 29. Qh6 Qxg2+ 30. Nxg2 c1=Q+ 31. Be1 Qxh6 32. Rxh6 Rc1 0-1

[Event "Niedersachsen-ch B"]
[Site "Verden"]
[Date "2010.01.05"]
[Round "5.8"]
[White "Koop, Thorben"]
[Black "Kaphle, Stephan"]
[Result "1/2-1/2"]
[WhiteElo "1740"]
[BlackElo "2175"]
[PlyCount "91"]
[EventDate "2010.01.??"]
[EventType "swiss"]
[EventRounds "7"]
[EventCountry "GER"]
[SourceDate "2005.10.24"]

1. e4 c5 2. Nf3 d6 3. d4 cxd4 4. Nxd4 Nf6 5. Nc3 a6 6. f3 e5 7. Nb3 Be6 8. Be3
Be7 9. Qd2 O-O 10. O-O-O Nbd7 11. g4 b5 12. g5 b4 13. Ne2 Ne8 14. f4 a5 15. f5
a4 16. Nbd4 exd4 17. Nxd4 b3 18. Kb1 bxc2+ 19. Nxc2 Bxa2+ 20. Kxa2 Ne5 21. Be2
Nc7 22. Na3 Qb8 23. Rc1 Na6 24. Nb5 Nc5 25. Qd5 Ra5 26. f6 gxf6 27. gxf6 Bxf6
28. Bxc5 dxc5 29. Qxc5 Rd8 30. Rhd1 Rxd1 31. Rxd1 Ra6 32. Rg1+ Ng6 33. Re1 Re6
34. Bc4 Qxh2 35. Qb4 Re7 36. Re2 Qe5 37. Nd6 Rd7 38. Nf5 a3 39. Qxa3 Nf4 40.
Nh6+ Kg7 41. Nf5+ Kg6 42. Re3 Ra7 43. Rg3+ Kh5 44. Bxf7+ Ng6 45. Rh3+ Kg4 46.
Rg3+ 1/2-1/2

[Event "Niedersachsen-ch B"]
[Site "Verden"]
[Date "2010.01.05"]
[Round "5.9"]
[White "Andre, Wolfgang"]
[Black "Schneider, Alexander2 (1942)"]
[Result "1/2-1/2"]
[WhiteElo "2208"]
[BlackElo "1953"]
[PlyCount "68"]
[EventDate "2010.01.??"]
[EventType "swiss"]
[EventRounds "7"]
[EventCountry "GER"]
[SourceDate "2005.10.24"]

1. e4 c6 2. Nf3 d5 3. exd5 cxd5 4. Ne5 a6 5. d4 Nc6 6. Bd3 g6 7. c3 Bg7 8. Qe2
Nf6 9. O-O Nxe5 10. dxe5 Ng4 11. Bf4 h5 12. Nd2 Bh6 13. Bxh6 Nxh6 14. Nb3 Qb6
15. h3 Bf5 16. Rad1 e6 17. Nd4 O-O-O 18. b4 Bxd3 19. Qxd3 Nf5 20. Nb3 Kb8 21.
a4 Qc7 22. Nc5 d4 23. cxd4 Rxd4 24. Qc3 Rhd8 25. Rc1 Qb6 26. Rc2 Ka7 27. b5 Rc8
28. bxa6 bxa6 29. Rfc1 Rd5 30. Qa3 Nd4 31. Nd7 Rxd7 32. Rxc8 Ne2+ 33. Kf1 Nxc1
34. Rxc1 Qd4 1/2-1/2

[Event "Niedersachsen-ch B"]
[Site "Verden"]
[Date "2010.01.05"]
[Round "5.10"]
[White "Rieping, Heiner"]
[Black "Holloway, Timo"]
[Result "1/2-1/2"]
[WhiteElo "1800"]
[BlackElo "2122"]
[PlyCount "97"]
[EventDate "2010.01.??"]
[EventType "swiss"]
[EventRounds "7"]
[EventCountry "GER"]
[SourceDate "2005.10.24"]

1. e4 c5 2. Nf3 e6 3. d4 cxd4 4. Nxd4 a6 5. Nc3 Qc7 6. Be3 Nf6 7. Bd3 b5 8. O-O
Bb7 9. f3 Be7 10. Qd2 O-O 11. Nce2 Nc6 12. Nxc6 Bxc6 13. Nd4 Bb7 14. Rfd1 d5
15. exd5 Nxd5 16. Bf2 Bd6 17. g3 Rfd8 18. Qe2 b4 19. Rd2 Kh8 20. Rad1 Be5 21.
Be4 Bf6 22. Kg2 Rac8 23. Kg1 Nb6 24. Nb3 Bxe4 25. Qxe4 Rxd2 26. Rxd2 Nc4 27.
Re2 Bxb2 28. Bc5 Nd6 29. Qxb4 Nf5 30. c3 Bc1 31. Nxc1 Qxc5+ 32. Qxc5 Rxc5 33.
Rd2 g6 34. Ne2 Kg7 35. Kf2 Kf6 36. f4 Ne7 37. Ke3 Nd5+ 38. Kd4 Rc6 39. c4 Nb6
40. c5 Nd5 41. Nc1 Ke7 42. Nd3 f6 43. Rb2 Kd7 44. Nb4 Nxb4 45. Rxb4 Kc7 46. a4
Kc8 47. a5 Kc7 48. Rb6 h6 49. h4 1/2-1/2

[Event "Niedersachsen-ch B"]
[Site "Verden"]
[Date "2010.01.05"]
[Round "5.11"]
[White "Wittfoth, Kai Uve"]
[Black "Kessler, Marcel"]
[Result "1/2-1/2"]
[WhiteElo "2156"]
[BlackElo "1924"]
[PlyCount "47"]
[EventDate "2010.01.??"]
[EventType "swiss"]
[EventRounds "7"]
[EventCountry "GER"]
[SourceDate "2005.10.24"]

1. d4 d5 2. c4 e6 3. cxd5 exd5 4. Nc3 Nf6 5. Bg5 Be7 6. e3 c6 7. Bd3 Nbd7 8.
Nge2 O-O 9. Qc2 Re8 10. Bh4 Nf8 11. f3 Ng6 12. Bf2 c5 13. O-O-O Qa5 14. Qa4
Qxa4 15. Nxa4 c4 16. Bc2 b5 17. Nac3 a6 18. h3 b4 19. Na4 Rb8 20. b3 Bd7 21.
Nc5 Bxc5 22. dxc5 cxb3 23. Bxb3 Rbc8 24. Kb2 1/2-1/2

[Event "Niedersachsen-ch B"]
[Site "Verden"]
[Date "2010.01.05"]
[Round "5.12"]
[White "Eickhoff, Hermann"]
[Black "Vetter, Torsten"]
[Result "1/2-1/2"]
[WhiteElo "2030"]
[BlackElo "2039"]
[PlyCount "32"]
[EventDate "2010.01.??"]
[EventType "swiss"]
[EventRounds "7"]
[EventCountry "GER"]
[SourceDate "2005.10.24"]

1. c4 e6 2. g3 d5 3. cxd5 exd5 4. Bg2 Nf6 5. Nf3 Bd6 6. d4 c6 7. O-O Ne4 8. Nc3
f5 9. Ne5 Qe7 10. Nd3 O-O 11. f3 Nxc3 12. bxc3 Nd7 13. a4 b6 14. Re1 Nf6 15.
Nf2 Qc7 16. Ba3 Bxa3 1/2-1/2

[Event "Niedersachsen-ch B"]
[Site "Verden"]
[Date "2010.01.05"]
[Round "5.13"]
[White "Meyer, Irmin"]
[Black "Pautz, Peter"]
[Result "1/2-1/2"]
[WhiteElo "2004"]
[BlackElo "2026"]
[PlyCount "56"]
[EventDate "2010.01.??"]
[EventType "swiss"]
[EventRounds "7"]
[EventCountry "GER"]
[SourceDate "2005.10.24"]

1. e4 e5 2. Nf3 Nc6 3. Bb5 a6 4. Ba4 Nf6 5. d4 exd4 6. O-O b5 7. Bb3 Be7 8. Re1
d6 9. Bd5 Nxd5 10. exd5 Nb8 11. Nxd4 O-O 12. a4 b4 13. c3 bxc3 14. Nxc3 Bf6 15.
Ne4 Bxd4 16. Qxd4 Bf5 17. Bg5 f6 18. Bd2 a5 19. Rac1 Nd7 20. Qc4 Bxe4 21. Qxe4
Nc5 22. Qc4 Qd7 23. b3 Rfb8 24. Re3 Re8 25. Rxe8+ Rxe8 26. Be3 Na6 27. Bd2 Nc5
28. Be3 Na6 1/2-1/2

[Event "Niedersachsen-ch B"]
[Site "Verden"]
[Date "2010.01.05"]
[Round "5.14"]
[White "Kaiser, Gerhard"]
[Black "Pfemeter, Felix"]
[Result "1/2-1/2"]
[WhiteElo "1965"]
[BlackElo "1866"]
[PlyCount "65"]
[EventDate "2010.01.??"]
[EventType "swiss"]
[EventRounds "7"]
[EventCountry "GER"]
[SourceDate "2005.10.24"]

1. e4 d6 2. d4 Nf6 3. Nc3 g6 4. Be3 c6 5. Qd2 b5 6. Bd3 Nbd7 7. h3 Qa5 8. f4
Nb6 9. Nf3 Bb7 10. O-O b4 11. Ne2 c5 12. e5 Nfd5 13. exd6 exd6 14. c4 bxc3 15.
Nxc3 c4 16. Be4 f5 17. Bxd5 Nxd5 18. Bf2 Kd7 19. Nxd5 Qxd5 20. b3 Rc8 21. bxc4
Rxc4 22. Qb2 Bg7 23. Rab1 Ba8 24. Qa3 a5 25. Rb6 Bxd4 26. Bxd4 Rxd4 27. Rf2
Rd1+ 28. Kh2 Rc8 29. Qb2 Re8 30. Qg7+ Re7 31. Qh8 Qc5 32. Rb8 Bxf3 33. Rd8+
1/2-1/2

[Event "Niedersachsen-ch B"]
[Site "Verden"]
[Date "2010.01.05"]
[Round "5.15"]
[White "Neumair, Cedric"]
[Black "Brunotte, Peter"]
[Result "1/2-1/2"]
[WhiteElo "1842"]
[BlackElo "1991"]
[PlyCount "50"]
[EventDate "2010.01.??"]
[EventType "swiss"]
[EventRounds "7"]
[EventCountry "GER"]
[SourceDate "2005.10.24"]

1. d4 Nf6 2. c4 g6 3. Nc3 Bg7 4. g3 O-O 5. Bg2 d6 6. Nf3 Nbd7 7. O-O c6 8. Qc2
Re8 9. Rd1 e5 10. d5 c5 11. e4 Nh5 12. Ne1 a6 13. a3 Nb6 14. Qe2 Bd7 15. Be3
Na4 16. Nxa4 Bxa4 17. b3 Bd7 18. b4 b6 19. Rdb1 f5 20. f3 f4 21. Bf2 fxg3 22.
hxg3 Qg5 23. Kh2 Qh6 24. Kg1 Qg5 25. Kh2 Qh6 1/2-1/2

[Event "Niedersachsen-ch B"]
[Site "Verden"]
[Date "2010.01.05"]
[Round "5.16"]
[White "Langenfeld, Olaf"]
[Black "Poelig, Juergen"]
[Result "1-0"]
[WhiteElo "1992"]
[BlackElo "1807"]
[PlyCount "77"]
[EventDate "2010.01.??"]
[EventType "swiss"]
[EventRounds "7"]
[EventCountry "GER"]
[SourceDate "2005.10.24"]

1. d4 e6 2. Nf3 d5 3. e3 Nf6 4. Bd3 b6 5. Nbd2 Bb7 6. Ne5 Nbd7 7. f4 c5 8. c3
Be7 9. O-O O-O 10. Rf3 Ne4 11. Rh3 f5 12. Ndf3 h6 13. Bd2 Ndf6 14. Be1 c4 15.
Bc2 Bc8 16. Nc6 Qc7 17. Nxe7+ Qxe7 18. Ne5 Qe8 19. Qe2 Nd7 20. Ba4 {(=)} a6 21.
Bc6 Ra7 22. Kh1 Qd8 23. Bxd7 Bxd7 24. g4 Be8 25. gxf5 exf5 26. Bf2 Rf6 27. Rg1
g5 28. fxg5 hxg5 29. Rh4 Rg7 30. Rxe4 fxe4 31. Bg3 Rh6 32. Ng4 Rh3 33. Be5 Rf7
34. Qg2 Rhh7 35. Nf6+ Rxf6 36. Qxg5+ Kf7 37. Qg8+ Ke7 38. Bxf6+ Kxf6 39. Qg5+
1-0

[Event "Niedersachsen-ch B"]
[Site "Verden"]
[Date "2010.01.05"]
[Round "5.17"]
[White "Hagemann, Sven"]
[Black "Gruender, Michael"]
[Result "1/2-1/2"]
[WhiteElo "2019"]
[BlackElo "1980"]
[PlyCount "100"]
[EventDate "2010.01.??"]
[EventType "swiss"]
[EventRounds "7"]
[EventCountry "GER"]
[SourceDate "2005.10.24"]

1. e4 c5 2. Nf3 Nc6 3. d4 cxd4 4. Nxd4 Qb6 5. Nb3 Nf6 6. Nc3 e6 7. Be3 Qc7 8.
a3 a6 9. Be2 b5 10. f4 d6 11. O-O Be7 12. Qe1 Bb7 13. Kh1 h5 14. Bf3 Ng4 15.
Bg1 Bf6 16. Rd1 Rc8 17. Nd4 Bxd4 18. Bxd4 Nxd4 19. Rxd4 e5 20. Rd2 Qc5 21. Bxg4
hxg4 22. Qg3 Rh6 23. Nd5 Bxd5 24. exd5 Qc4 25. Re1 Rf6 26. Qxg4 Rxf4 27. Qd1
Ke7 28. c3 Rh8 29. h3 g5 30. Rd4 Rxd4 31. cxd4 Qxd5 32. Qg4 f6 33. Rc1 Kf7 34.
Qf5 Qb7 35. d5 Qe7 36. Rc6 Kg7 37. Qc2 Rd8 38. Rxa6 e4 39. Rc6 Rd7 40. Qe2 Kg6
41. Qxb5 Rb7 42. Qe2 Qe5 43. b4 Qxd5 44. Rc8 Re7 45. b5 Qd4 46. Rh8 {(=)} Qa1+
47. Kh2 Qe5+ 48. Kh1 Qa1+ 49. Kh2 Qe5+ 50. Kh1 Qa1+ 1/2-1/2